Normal view
MARC view
Entry Personal Name
001 - CONTROL NUMBER
- control field: 10021
003 - CONTROL NUMBER IDENTIFIER
- control field: OSt
005 - DATE AND TIME OF LATEST TRANSACTION
- control field: 20160707143918.0
008 - FIXED-LENGTH DATA ELEMENTS
- fixed length control field: 160707|| aca||aabn | a|a d
040 ## - CATALOGING SOURCE
- Original cataloging agency: OSt
- Transcribing agency: OSt
100 ## - HEADING--PERSONAL NAME
- Personal name: Tate, Peter,
670 ## - SOURCE DATA FOUND
- Source citation: Work cat.: (OSt)4658: Tate, Peter,, The doctor's communication handbook /, 1997.
